[Event "Copa Latinoamericana de Ajedrez 2011"]
[Site "Montevideo URU"]
[Date "2011.11.03"]
[Round "4.74"]
[White "Martinez Alcantara, Jose Eduardo"]
[Black "Rodriguez Farias, Eduardo"]
[Result "1-0"]
[WhiteElo "1995"]
[BlackElo "2015"]
[PlyCount "104"]
[EventDate "2011.11.01"]
[EventType "swiss"]
[EventRounds "9"]
[EventCountry "URU"]
[Source "lmi"]
[SourceDate "2011.11.01"]

1. e4 c5 2. Nf3 Nc6 3. d4 cxd4 4. Nxd4 Nf6 5. Nc3 e5 6. Ndb5 d6 7. Bg5 a6 8.
Na3 b5 9. Nd5 Qa5+ 10. Bd2 Qd8 11. c4 Nxd5 12. cxb5 Nd4 13. exd5 Qh4 14. Be3
Nf5 15. Qb3 Be7 16. Be2 O-O 17. O-O axb5 18. Nxb5 Ra4 19. Bd2 Nd4 20. Nxd4 Rxd4
21. Bc3 Re4 22. g3 Qh3 23. Bf3 Rh4 24. gxh4 Qxf3 25. Bd2 Qg4+ 26. Qg3 Qd4 27.
Bg5 f6 28. Bh6 Rf7 29. Be3 Qxd5 30. Qg2 Qe6 31. Rfc1 f5 32. Bg5 Bf8 33. a4 Bb7
34. f3 h6 35. Bd8 Rd7 36. Rc7 Rxc7 37. Bxc7 d5 38. Qf2 g6 39. Qg3 Bc5+ 40. Kg2
Qa6 41. Qxe5 f4 42. h5 Bc6 43. Qe6+ Kh8 44. Bxf4 d4 45. Re1 Qb7 46. Kg3 d3 47.
Rd1 Bd7 48. Qc4 Qc6 49. Qxd3 Be6 50. Qb5 Qc8 51. Qb8 Kh7 52. Qxc8 Bxc8 1-0

[Event "Copa Latinoamericana de Ajedrez 2011"]
[Site "Montevideo URU"]
[Date "2011.11.03"]
[Round "4.75"]
[White "Haddad Filho, Paulo Ibrahim"]
[Black "Chavez Riofrio, Elias Enrique"]
[Result "1-0"]
[WhiteElo "1972"]
[BlackElo "2009"]
[PlyCount "103"]
[EventDate "2011.11.01"]
[EventType "swiss"]
[EventRounds "9"]
[EventCountry "URU"]
[Source "lmi"]
[SourceDate "2011.11.01"]

1. d4 Nf6 2. Nf3 d5 3. Bg5 Nbd7 4. e3 e6 5. Bd3 h6 6. Bf4 c5 7. c3 Qb6 8. b3
Be7 9. Nbd2 O-O 10. Ne5 Nxe5 11. dxe5 Ne4 12. Nxe4 dxe4 13. Bxe4 Rd8 14. Qc2
Bd7 15. O-O Rac8 16. Rfd1 Qc7 17. c4 b6 18. Qe2 Bf8 19. Rd3 Bc6 20. Bxc6 Rxd3
21. Qxd3 Qxc6 22. Rd1 Be7 23. h3 Rd8 24. Qc2 Qc8 25. Kf1 Rxd1+ 26. Qxd1 Qd8 27.
Qc2 Qd7 28. Ke2 Bf8 29. Qe4 Qe8 30. Qd3 Be7 31. g4 Qd8 32. e4 Qxd3+ 33. Kxd3
Kh7 34. Be3 g5 35. a3 Kg6 36. Bd2 Kg7 37. b4 Bd8 38. Be3 Be7 39. bxc5 Bxc5 40.
Bxc5 bxc5 41. Kc3 f6 42. Kb3 f5 43. f3 fxg4 44. fxg4 Kf7 45. Ka4 Ke7 46. Kb5
Kd7 47. Kxc5 Kc7 48. Kb5 a6+ 49. Kc5 a5 50. Kb5 a4 51. Kxa4 Kc6 52. Kb4 1-0

[Event "Copa Latinoamericana de Ajedrez 2011"]
[Site "Montevideo URU"]
[Date "2011.11.03"]
[Round "4.76"]
[White "Campiglia, Guido"]
[Black "Heinecke, Lucas"]
[Result "0-1"]
[WhiteElo "2011"]
[BlackElo "1968"]
[PlyCount "66"]
[EventDate "2011.11.01"]
[EventType "swiss"]
[EventRounds "9"]
[EventCountry "URU"]
[Source "lmi"]
[SourceDate "2011.11.01"]

1. e4 c5 2. Nc3 Nc6 3. f4 g6 4. Nf3 Bg7 5. Bc4 e6 6. O-O d6 7. d3 Nge7 8. a3
O-O 9. Qe1 Nd4 10. Qf2 d5 11. Ba2 Nxf3+ 12. Qxf3 dxe4 13. Nxe4 Qc7 14. Kh1 b6
15. f5 Nxf5 16. Qh3 Bb7 17. Ng5 h5 18. Bf4 Qc6 19. Rae1 Rfe8 20. Ne4 Qb5 21.
Bc1 Qd7 22. Bg5 Qd4 23. c3 Qd7 24. Nf6+ Bxf6 25. Bxf6 Qc6 26. Re4 Rac8 27. g4
Ng7 28. Qe3 Qd6 29. Qh6 Qf8 30. gxh5 Rc7 31. Rg1 Rd8 32. hxg6 fxg6 33. Bxg7
Bxe4+ 0-1

[Event "Copa Latinoamericana de Ajedrez 2011"]
[Site "Montevideo URU"]
[Date "2011.11.03"]
[Round "4.77"]
[White "Caitano, Pablo"]
[Black "Martyniuk, Carolina"]
[Result "0-1"]
[WhiteElo "1991"]
[BlackElo "1959"]
[PlyCount "48"]
[EventDate "2011.11.01"]
[EventType "swiss"]
[EventRounds "9"]
[EventCountry "URU"]
[Source "lmi"]
[SourceDate "2011.11.01"]

1. e4 g6 2. d4 Bg7 3. Nc3 d6 4. Be3 Nf6 5. Qd2 Nbd7 6. f3 e5 7. O-O-O a6 8.
Nge2 b5 9. g4 exd4 10. Bxd4 h6 11. h4 Bb7 12. h5 Ne5 13. Bg2 c5 14. Bf2 Nc4 15.
Qf4 g5 16. Qh2 Qa5 17. e5 dxe5 18. f4 Nxg4 19. Qg3 exf4 20. Qxg4 O-O 21. Bxb7
b4 22. Bxa8 bxc3 23. Nxc3 Bxc3 24. Qd7 Qxa2 0-1

[Event "Copa Latinoamericana de Ajedrez 2011"]
[Site "Montevideo URU"]
[Date "2011.11.03"]
[Round "4.78"]
[White "Alsina, Ruben"]
[Black "Fernandez, Antonio"]
[Result "0-1"]
[WhiteElo "1945"]
[BlackElo "1973"]
[PlyCount "90"]
[EventDate "2011.11.01"]
[EventType "swiss"]
[EventRounds "9"]
[EventCountry "URU"]
[Source "lmi"]
[SourceDate "2011.11.01"]

1. Nf3 Nf6 2. d4 d6 3. Bg5 Nbd7 4. c4 Ne4 5. Bh4 g6 6. Nc3 Nxc3 7. bxc3 Bg7 8.
e4 c5 9. Bd3 O-O 10. Qc2 Re8 11. O-O Qc7 12. Bg3 b6 13. Rae1 Bb7 14. h4 Nf6 15.
e5 Nh5 16. Bh2 Bxf3 17. gxf3 Qd7 18. Kg2 cxd4 19. cxd4 Bh6 20. e6 Qc8 21. exf7+
Kxf7 22. Re4 Nf6 23. Re2 Nh5 24. Be4 Rg8 25. Bd5+ Kg7 26. Rfe1 Qc7 27. Qa4 Rac8
28. Re6 Bf4 29. R1e4 Bxh2 30. Kxh2 Nf6 31. Qd1 Nxe4 32. fxe4 Rgf8 33. Qg1 Rf4
34. Qg5 Rxf2+ 35. Kg1 Rf6 36. h5 Rxe6 37. h6+ Kh8 38. Bxe6 Rf8 39. Qd5 Qb8 40.
Qg5 Rf6 41. Bd5 Qf8 42. Qg2 Qxh6 43. e5 dxe5 44. dxe5 Qe3+ 45. Kh1 Qe1+ 0-1

[Event "Copa Latinoamericana de Ajedrez 2011"]
[Site "Montevideo URU"]
[Date "2011.11.03"]
[Round "4.79"]
[White "Cordero, Renzo"]
[Black "Villarreal, Julio"]
[Result "1-0"]
[WhiteElo "1978"]
[BlackElo "1942"]
[PlyCount "75"]
[EventDate "2011.11.01"]
[EventType "swiss"]
[EventRounds "9"]
[EventCountry "URU"]
[Source "lmi"]
[SourceDate "2011.11.01"]

1. Nf3 Nf6 2. c4 d5 3. b3 d4 4. Bb2 c5 5. g3 Nc6 6. d3 e5 7. Bg2 Bd6 8. O-O O-O
9. Na3 a6 10. Nc2 Re8 11. a3 Qb6 12. Rb1 a5 13. Bc1 a4 14. b4 cxb4 15. axb4 Bf8
16. b5 Na5 17. Nd2 Nd7 18. Na1 Nc5 19. Ba3 Bf5 20. Bxc5 Qxc5 21. Qxa4 e4 22.
Qc2 exd3 23. exd3 Re2 24. Rfe1 Rae8 25. Rxe2 Rxe2 26. Bf3 Re8 27. Nab3 Nxb3 28.
Nxb3 Qb6 29. Nd2 Rc8 30. Ne4 Qg6 31. Ra1 h5 32. Ra7 h4 33. Rxb7 Ra8 34. Qd1
hxg3 35. hxg3 Rc8 36. Bh5 Qh7 37. Bxf7+ Kh8 38. Bd5 1-0

[Event "Copa Latinoamericana de Ajedrez 2011"]
[Site "Montevideo URU"]
[Date "2011.11.03"]
[Round "4.80"]
[White "Alvarez, Miguel"]
[Black "Urrestarazu, Diego"]
[Result "0-1"]
[WhiteElo "1932"]
[BlackElo "1955"]
[PlyCount "74"]
[EventDate "2011.11.01"]
[EventType "swiss"]
[EventRounds "9"]
[EventCountry "URU"]
[Source "lmi"]
[SourceDate "2011.11.01"]

1. e4 c5 2. f4 Nc6 3. Nf3 d6 4. Nc3 g6 5. Bc4 Bg7 6. O-O Nf6 7. d3 O-O 8. a3 a6
9. Bd2 b5 10. Ba2 Bb7 11. Qe1 Nd7 12. Qh4 e6 13. Qh3 Nd4 14. Nxd4 cxd4 15. Ne2
Rc8 16. Rac1 Nc5 17. f5 exf5 18. exf5 d5 19. Bh6 Re8 20. Bxg7 Kxg7 21. f6+ Kh8
22. Qh6 Rg8 23. Nxd4 Nd7 24. Qg5 Qb6 25. c3 Rce8 26. Kh1 Re5 27. Qf4 Rge8 28.
Qh4 Qd6 29. g4 Nc5 30. Nf3 Nxd3 31. Nxe5 Qxe5 32. Qh6 d4+ 33. Kg1 Rg8 34. Rf3
Bxf3 35. Qd2 Qe3+ 36. Qxe3 dxe3 37. Rc2 e2 0-1

[Event "Copa Latinoamericana de Ajedrez 2011"]
[Site "Montevideo URU"]
[Date "2011.11.03"]
[Round "4.81"]
[White "Avedisian, Alexander"]
[Black "Orguim Da Silva, Joao Carlos"]
[Result "1/2-1/2"]
[WhiteElo "1965"]
[BlackElo "1932"]
[PlyCount "64"]
[EventDate "2011.11.01"]
[EventType "swiss"]
[EventRounds "9"]
[EventCountry "URU"]
[Source "lmi"]
[SourceDate "2011.11.01"]

1. e4 c5 2. Nf3 Nc6 3. Bb5 Qc7 4. Nc3 e6 5. O-O a6 6. Bxc6 Qxc6 7. d4 cxd4 8.
Qxd4 Nf6 9. Bf4 Bc5 10. Qd3 b5 11. Rad1 Bb7 12. Ne5 Qc8 13. Bg5 Bc6 14. Nxc6
Qxc6 15. Bxf6 gxf6 16. Qf3 Ke7 17. Rfe1 Kf8 18. Qxf6 Rg8 19. Rd3 Rg6 20. Qh8+
Ke7 21. Qxh7 Rag8 22. g3 Kf8 23. Qh4 Qb6 24. Re2 Bd4 25. e5 Rg4 26. Qh6+ Ke8
27. Rf3 Qc6 28. Qf6 R8g7 29. Kf1 R4g6 30. Qf4 Rg4 31. Qf6 R4g6 32. Qf4 Rg4
1/2-1/2

[Event "Copa Latinoamericana de Ajedrez 2011"]
[Site "Montevideo URU"]
[Date "2011.11.03"]
[Round "4.82"]
[White "Hengles, Roberto Carlos"]
[Black "Cicero, Carlos"]
[Result "1-0"]
[WhiteElo "1927"]
[BlackElo "1937"]
[PlyCount "78"]
[EventDate "2011.11.01"]
[EventType "swiss"]
[EventRounds "9"]
[EventCountry "URU"]
[Source "lmi"]
[SourceDate "2011.11.01"]

1. e4 e6 2. d4 d5 3. Nd2 Nf6 4. e5 Nfd7 5. Bd3 c5 6. c3 Nc6 7. Ngf3 Qb6 8. O-O
cxd4 9. cxd4 Nxd4 10. Nxd4 Qxd4 11. Nf3 Qb6 12. Qa4 Qb4 13. Qc2 Qc5 14. Qa4 Qb4
15. Qc2 Qc5 16. Bxh7 Qxc2 17. Bxc2 Bc5 18. Bd2 b5 19. b4 Be7 20. a4 bxa4 21.
Bxa4 O-O 22. Bc6 Rb8 23. Rxa7 Rd8 24. b5 Bc5 25. Ba5 Bb6 26. Bxb6 Nxb6 27. Rfa1
Bd7 28. Nd4 Be8 29. h3 Kf8 30. Kf1 Bxc6 31. Nxc6 Nc4 32. Nxb8 Rxb8 33. Ra8 Rxa8
34. Rxa8+ Ke7 35. f4 f6 36. Ra7+ Kf8 37. exf6 gxf6 38. Ke2 e5 39. fxe5 fxe5 1-0

[Event "Copa Latinoamericana de Ajedrez 2011"]
[Site "Montevideo URU"]
[Date "2011.11.03"]
[Round "4.83"]
[White "Barandiaran, Gabriel"]
[Black "Manzanares, Richard"]
[Result "1-0"]
[WhiteElo "1945"]
[BlackElo "1897"]
[PlyCount "73"]
[EventDate "2011.11.01"]
[EventType "swiss"]
[EventRounds "9"]
[EventCountry "URU"]
[Source "lmi"]
[SourceDate "2011.11.01"]

1. e4 e6 2. d4 d5 3. exd5 Qxd5 4. c4 Qd6 5. Nc3 a6 6. Nge2 Nf6 7. Nf4 c5 8. d5
e5 9. Nd3 Be7 10. g3 O-O 11. Bg2 Bd7 12. O-O Qc7 13. Bg5 Bf5 14. Re1 Bxd3 15.
Qxd3 Re8 16. Rad1 Qd6 17. Bxf6 Bxf6 18. Ne4 Qd8 19. Nxc5 Nd7 20. Nxb7 Qb6 21.
c5 Nxc5 22. Nxc5 Qxc5 23. d6 Ra7 24. Rc1 Qa5 25. Qe3 Rd7 26. Bc6 Red8 27. Bxd7
Rxd7 28. Rc8+ Rd8 29. Rec1 g6 30. d7 Kg7 31. Rxd8 Qxd8 32. Qd3 e4 33. Qd2 Bg5
34. Rc8 Bxd2 35. Rxd8 e3 36. Re8 Ba5 37. fxe3 1-0

[Event "Copa Latinoamericana de Ajedrez 2011"]
[Site "Montevideo URU"]
[Date "2011.11.03"]
[Round "4.84"]
[White "Nuñez, Hiber"]
[Black "Ferrari, Carlos"]
[Result "1-0"]
[WhiteElo "1865"]
[BlackElo "1888"]
[PlyCount "95"]
[EventDate "2011.11.01"]
[EventType "swiss"]
[EventRounds "9"]
[EventCountry "URU"]
[Source "lmi"]
[SourceDate "2011.11.01"]

1. d4 Nf6 2. c4 d6 3. Nc3 g6 4. e4 Nbd7 5. f4 e5 6. fxe5 dxe5 7. d5 a6 8. Nf3
Bg7 9. Be2 Qe7 10. a3 O-O 11. Rb1 Nc5 12. Qc2 b6 13. Bg5 Qd6 14. Nd2 Ng4 15. b4
Nb7 16. h3 Nh6 17. O-O f5 18. Bf3 Nf7 19. Be3 f4 20. Bf2 g5 21. Nb3 Qg6 22. Qe2
Qh6 23. c5 Kh8 24. Rfd1 Qf6 25. Rd3 Rg8 26. Kf1 Bf8 27. Rc1 Nh6 28. Bg4 Bxg4
29. hxg4 Rd8 30. d6 cxd6 31. cxb6 Qf7 32. Nd5 Rd7 33. Rdc3 Be7 34. Rc7 Bd8 35.
R7c6 Qe6 36. Qxa6 Nxg4 37. Nc5 Nxc5 38. bxc5 Nxf2 39. Kxf2 Qg4 40. Qd3 dxc5 41.
R1xc5 Qh4+ 42. Ke2 g4 43. Kd2 Qh1 44. Qe2 Be7 45. Rc1 Qh6 46. Rxh6 f3 47. gxf3
gxf3 48. Qxf3 1-0

[Event "Copa Latinoamericana de Ajedrez 2011"]
[Site "Montevideo URU"]
[Date "2011.11.03"]
[Round "4.85"]
[White "Rodriguez Lazo, Luis"]
[Black "Hernandez, Rafael"]
[Result "1/2-1/2"]
[WhiteElo "1879"]
[BlackElo "1827"]
[PlyCount "190"]
[EventDate "2011.11.01"]
[EventType "swiss"]
[EventRounds "9"]
[EventCountry "URU"]
[Source "lmi"]
[SourceDate "2011.11.01"]

1. g3 Nf6 2. Bg2 d6 3. d4 g6 4. Nf3 Bg7 5. O-O O-O 6. Nc3 Nc6 7. e4 e5 8. d5
Ne7 9. h3 h6 10. Be3 Nd7 11. Nh2 f5 12. f3 f4 13. Bf2 fxg3 14. Bxg3 Nf6 15. Bf2
Nh5 16. Ne2 g5 17. f4 Nxf4 18. Nxf4 gxf4 19. c4 Ng6 20. Nf3 Bf6 21. Qe1 Kh7 22.
Kh2 Rg8 23. Rg1 Qe7 24. Rc1 b6 25. Rc2 a5 26. b3 Bd7 27. a3 Nh8 28. b4 axb4 29.
axb4 Nf7 30. c5 bxc5 31. bxc5 Ng5 32. Qe2 Ra3 33. Nxg5+ Rxg5 34. Bf3 Rxg1 35.
Bxg1 Bb5 36. Qxb5 Rxf3 37. cxd6 cxd6 38. Qb8 Bg7 39. Qc8 Qg5 40. Rg2 Rg3 41.
Qf5+ Qxf5 42. exf5 Rxg2+ 43. Kxg2 Bf6 44. Kf3 h5 45. Ke4 Kg7 46. Bb6 Kf7 47.
Bc7 Ke7 48. Ba5 Kd7 49. Bb6 Bd8 50. Bf2 Bf6 51. Bb6 Kc8 52. Ba5 Kd7 53. Bb6 Ke8
54. Bc7 Kd7 55. Bb6 Be7 56. Ba5 Ke8 57. Bb4 Kf7 58. Ba5 Kf6 59. Bb4 Kf7 60. Ba5
Kf6 61. Bb6 Kg5 62. Bf2 Bd8 63. Be1 Bc7 64. Bb4 f3 65. Bd2+ Kf6 66. Be1 Kg5 67.
Bd2+ Kf6 68. Be1 Kg5 69. Bd2+ Kf6 70. Be1 Bd8 71. Bh4+ Kg7 72. Bf2 Kf6 73. Bh4+
Kg7 74. Be1 Kh6 75. Kxf3 Kg5 76. Ke4 Bf6 77. Bb4 Be7 78. Bd2+ Kh4 79. Kf3 Kxh3
80. Bh6 h4 81. Bg7 e4+ 82. Kf2 e3+ 83. Kf3 e2 84. Bc3 Bf6 85. Be1 Kh2 86. Bf2
e1=N+ 87. Bxe1 h3 88. Bg3+ Kg1 89. Bxd6 h2 90. Bxh2+ Kxh2 91. d6 Kh3 92. Kf4
Kh4 93. d7 Kh5 94. Kf3 Kg5 95. Ke4 Kg4 1/2-1/2

[Event "Copa Latinoamericana de Ajedrez 2011"]
[Site "Montevideo URU"]
[Date "2011.11.03"]
[Round "4.86"]
[White "Piñero, Ismael"]
[Black "Chamlian, Aram"]
[Result "1-0"]
[WhiteElo "1874"]
[BlackElo "1758"]
[PlyCount "67"]
[EventDate "2011.11.01"]
[EventType "swiss"]
[EventRounds "9"]
[EventCountry "URU"]
[Source "lmi"]
[SourceDate "2011.11.01"]

1. e4 c5 2. Nf3 Nc6 3. d4 cxd4 4. Nxd4 Nf6 5. Nc3 e5 6. Ndb5 d6 7. Bg5 a6 8.
Na3 b5 9. Bxf6 gxf6 10. Nd5 Bg7 11. c3 O-O 12. Nc2 f5 13. exf5 Bxf5 14. Nce3
Be6 15. Bd3 Ne7 16. Bc2 Nxd5 17. Nxd5 f5 18. O-O Rc8 19. a4 Rc5 20. Bb3 Kh8 21.
axb5 axb5 22. Ra6 e4 23. Nf4 Bxb3 24. Qxb3 Be5 25. Ne6 Qh4 26. g3 Rg8 27. Nxc5
Bxg3 28. fxg3 Rxg3+ 29. Kh1 Rg8 30. c4 h5 31. Qc3+ Kh7 32. Ra7+ Kh6 33. Qd2+
Kg6 34. Qxd6+ 1-0

[Event "Copa Latinoamericana de Ajedrez 2011"]
[Site "Montevideo URU"]
[Date "2011.11.03"]
[Round "4.87"]
[White "Iduate, Guillermo"]
[Black "Zecharies, Alexis"]
[Result "1-0"]
[WhiteElo "1870"]
[BlackElo "1697"]
[PlyCount "105"]
[EventDate "2011.11.01"]
[EventType "swiss"]
[EventRounds "9"]
[EventCountry "URU"]
[Source "lmi"]
[SourceDate "2011.11.01"]

1. e4 e6 2. d4 d5 3. exd5 exd5 4. Bd3 Nc6 5. Nf3 Bg4 6. c3 Bd6 7. O-O Nge7 8.
Bg5 f6 9. Bh4 Bf4 10. Bg3 Qd6 11. Nbd2 g5 12. Qb3 O-O-O 13. Qa4 h5 14. Qc2 Rdg8
15. Rfe1 h4 16. Bxf4 gxf4 17. Kh1 h3 18. g3 fxg3 19. fxg3 f5 20. Ne5 Nxe5 21.
dxe5 Qc5 22. Rf1 d4 23. Nf3 dxc3 24. Qxc3 Qd5 25. Bc4 Qe4 26. Rac1 Nc6 27. Rce1
Bxf3+ 28. Rxf3 Qg4 29. Bxg8 Rxg8 30. Qd3 Ne7 31. Rd1 Qa4 32. e6 Qc6 33. Qd7+
Qxd7 34. Rxd7 Re8 35. g4 fxg4 36. Rf7 Nc6 37. Rxc7+ Kb8 38. Rxb7+ Ka8 39. Rbc7
Rxe6 40. Kg1 Rh6 41. b4 a6 42. Rf8+ Nb8 43. Rg7 Rc6 44. Rff7 Rc1+ 45. Kf2 Nc6
46. Rf8+ Nb8 47. Rxg4 Rc2+ 48. Kg3 Rc3+ 49. Kh4 Kb7 50. Rf6 Nc6 51. Rff4 Ne5
52. Rg3 Rc8 53. Rxh3 1-0

[Event "Copa Latinoamericana de Ajedrez 2011"]
[Site "Montevideo URU"]
[Date "2011.11.03"]
[Round "4.88"]
[White "Fernandez, Carlos"]
[Black "Belbey, Juan"]
[Result "1-0"]
[WhiteElo "1865"]
[BlackElo "1672"]
[PlyCount "58"]
[EventDate "2011.11.01"]
[EventType "swiss"]
[EventRounds "9"]
[EventCountry "URU"]
[Source "lmi"]
[SourceDate "2011.11.01"]

1. e4 c5 2. Nf3 Nc6 3. d4 cxd4 4. Nxd4 g6 5. Be3 Bg7 6. Nc3 Nf6 7. Be2 O-O 8.
h3 Qb6 9. Nb3 Qd8 10. O-O d6 11. f4 e5 12. fxe5 Nxe5 13. Bg5 Qb6+ 14. Kh1 Ne8
15. Nd5 Qxb3 16. axb3 f6 17. Be3 Be6 18. Qd2 Bxd5 19. exd5 Rf7 20. Rxa7 Rc8 21.
c4 Re7 22. Bh6 Bh8 23. g4 Nf7 24. g5 f5 25. Bd3 Nxh6 26. gxh6 Bd4 27. Raa1 Be3
28. Qg2 Bxh6 29. Bxf5 Rcc7 1-0

[Event "Copa Latinoamericana de Ajedrez 2011"]
[Site "Montevideo URU"]
[Date "2011.11.03"]
[Round "4.89"]
[White "Dos Santos, Jonathan"]
[Black "Salguero, Rafael"]
[Result "1/2-1/2"]
[WhiteElo "1820"]
[BlackElo "1855"]
[PlyCount "77"]
[EventDate "2011.11.01"]
[EventType "swiss"]
[EventRounds "9"]
[EventCountry "URU"]
[Source "lmi"]
[SourceDate "2011.11.01"]

1. d4 Nf6 2. Nf3 e6 3. Bg5 Be7 4. e3 d5 5. c4 O-O 6. Nc3 h6 7. Bh4 c5 8. Rc1
cxd4 9. Nxd4 Nc6 10. cxd5 exd5 11. Be2 Qb6 12. Bxf6 Bxf6 13. Nxd5 Qa5+ 14. Nc3
Nxd4 15. exd4 Be6 16. O-O Rfd8 17. Qc2 Rac8 18. a3 Bxd4 19. Rfd1 Qc5 20. Bf3 b5
21. Rd2 Qg5 22. Rcd1 Qe5 23. Qe4 Qxe4 24. Bxe4 Bf6 25. Rxd8+ Rxd8 26. Rxd8+
Bxd8 27. Nxb5 Bb6 28. Bc2 Kf8 29. Nc3 Ke7 30. Kf1 Bd4 31. f3 Be5 32. h3 Bc4+
33. Kf2 Ke6 34. g4 g5 35. Nd1 Bd4+ 36. Kg2 Ke5 37. b3 Bd5 38. Nf2 Kf4 39. Ne4
1/2-1/2

[Event "Copa Latinoamericana de Ajedrez 2011"]
[Site "Montevideo URU"]
[Date "2011.11.03"]
[Round "4.90"]
[White "Ibañez, Marcelo"]
[Black "Rijo, Pedro"]
[Result "1-0"]
[WhiteElo "1854"]
[BlackElo "1585"]
[PlyCount "73"]
[EventDate "2011.11.01"]
[EventType "swiss"]
[EventRounds "9"]
[EventCountry "URU"]
[Source "lmi"]
[SourceDate "2011.11.01"]

1. e4 e5 2. Nf3 Nc6 3. Bc4 h6 4. O-O Bc5 5. c3 d6 6. d4 Bg4 7. dxc5 dxc5 8.
Qxd8+ Rxd8 9. Be3 b6 10. Nbd2 Nf6 11. Bb5 Bd7 12. Rad1 O-O 13. Bxc6 Bxc6 14.
Nxe5 Bxe4 15. Nxe4 Nxe4 16. Rxd8 Rxd8 17. Nc6 Re8 18. Nxa7 Ra8 19. Nb5 Rxa2 20.
Nxc7 Rxb2 21. Nd5 b5 22. f3 Ng5 23. Bxc5 Ne6 24. Bb4 Rd2 25. Ne7+ Kh7 26. f4 g6
27. Nc6 Rd7 28. Ne5 Rd5 29. Nxf7 Rf5 30. Nd6 Rxf4 31. Nxb5 Rxf1+ 32. Kxf1 g5
33. c4 Kg6 34. c5 Nd8 35. Nd4 Kf6 36. Ba5 Ke7 37. Nf5+ 1-0

[Event "Copa Latinoamericana de Ajedrez 2011"]
[Site "Montevideo URU"]
[Date "2011.11.03"]
[Round "4.91"]
[White "Luzuriaga, Norberto"]
[Black "Riverol, Santiago"]
[Result "1-0"]
[WhiteElo "1836"]
[BlackElo "1334"]
[PlyCount "25"]
[EventDate "2011.11.01"]
[EventType "swiss"]
[EventRounds "9"]
[EventCountry "URU"]
[Source "lmi"]
[SourceDate "2011.11.01"]

1. d4 f5 2. g3 Nf6 3. Bg2 g6 4. e3 Bg7 5. Ne2 O-O 6. O-O e6 7. c4 d6 8. Nbc3 c6
9. d5 exd5 10. cxd5 Bd7 11. Qb3 Bc8 12. dxc6+ Kh8 13. cxb7 1-0

[Event "Copa Latinoamericana de Ajedrez 2011"]
[Site "Montevideo URU"]
[Date "2011.11.03"]
[Round "4.93"]
[White "Lopes da Luz, Paulo"]
[Black "Passos Coutinho, Eduardo"]
[Result "0-1"]
[WhiteElo "1798"]
[BlackElo "1810"]
[PlyCount "38"]
[EventDate "2011.11.01"]
[EventType "swiss"]
[EventRounds "9"]
[EventCountry "URU"]
[Source "lmi"]
[SourceDate "2011.11.01"]

1. e4 c5 2. Nf3 d6 3. d4 cxd4 4. Nxd4 Nf6 5. Nc3 a6 6. Bg5 e6 7. f4 Be7 8. Qf3
Qc7 9. O-O-O h6 10. Bh4 Nbd7 11. g4 b5 12. Bxf6 Nxf6 13. g5 hxg5 14. fxg5 Nd7
15. h4 Ne5 16. Qg3 Bb7 17. Be2 b4 18. Na4 Bxe4 19. Rd2 Bxh1 0-1

[Event "Copa Latinoamericana de Ajedrez 2011"]
[Site "Montevideo URU"]
[Date "2011.11.03"]
[Round "4.94"]
[White "De Leon, Veronica"]
[Black "Barra De Oliveira, Francemir"]
[Result "0-1"]
[WhiteElo "1639"]
[BlackElo "1806"]
[PlyCount "80"]
[EventDate "2011.11.01"]
[EventType "swiss"]
[EventRounds "9"]
[EventCountry "URU"]
[Source "lmi"]
[SourceDate "2011.11.01"]

1. c4 Nf6 2. Nc3 e6 3. d4 Bb4 4. f3 O-O 5. e4 Nh5 6. Bd3 Qh4+ 7. Kd2 Qf2+ 8.
Qe2 Qxd4 9. Kc2 Nc6 10. f4 Qb6 11. Qxh5 Qf2+ 12. Nge2 Nd4+ 13. Kb1 Nxe2 14.
Qxe2 Qh4 15. g3 Qd8 16. Bd2 c6 17. e5 d5 18. exd6 Bxd6 19. Qe4 f5 20. Qf3 Qc7
21. Kc2 a6 22. Rhg1 Rb8 23. g4 g6 24. gxf5 exf5 25. h4 b5 26. h5 Rf6 27. hxg6
hxg6 28. Rac1 Be6 29. cxb5 axb5 30. Kb1 b4 31. Nb5 Qa5 32. Nc3 bxc3 33. Bxc3
Qxa2+ 34. Kc2 Qa4+ 35. Kd2 Bd5 36. Qh5 Bxf4+ 37. Ke1 Re8+ 38. Be2 Rxe2+ 39.
Kxe2 Qe4+ 40. Kd1 Bb3+ 0-1

[Event "Copa Latinoamericana de Ajedrez 2011"]
[Site "Montevideo URU"]
[Date "2011.11.03"]
[Round "4.96"]
[White "Rodriguez Bernardo, Pablo"]
[Black "De Mello, Rodrigo"]
[Result "0-1"]
[WhiteElo "2209"]
[BlackElo "1832"]
[PlyCount "118"]
[EventDate "2011.11.01"]
[EventType "swiss"]
[EventRounds "9"]
[EventCountry "URU"]
[Source "lmi"]
[SourceDate "2011.11.01"]

1. d4 d5 2. c4 c6 3. Qc2 Nf6 4. g3 e6 5. Bg2 Be7 6. Nf3 O-O 7. O-O b6 8. b3 Bb7
9. Nc3 Nbd7 10. Bf4 Rc8 11. e4 dxe4 12. Ne5 Nh5 13. Nxd7 Qxd7 14. Qxe4 Nxf4 15.
Qxf4 Bf6 16. Rad1 Qc7 17. Qe3 c5 18. d5 Bd4 19. Rxd4 cxd4 20. Qxd4 exd5 21.
Bxd5 Bxd5 22. Nxd5 Qc5 23. Qg4 f5 24. Qg5 Rce8 25. Qd2 Re5 26. Re1 Rfe8 27.
Rxe5 Rxe5 28. Kg2 Qd6 29. Qf4 b5 30. h4 bxc4 31. bxc4 Qe6 32. Nc7 Qc6+ 33. Nd5
Qe6 34. Nc7 Qc6+ 35. Nd5 Qd6 36. h5 h6 37. a3 Qe6 38. Nc7 Qc6+ 39. Nd5 Qd6 40.
a4 Qe6 41. Nc7 Qe7 42. Nd5 Qd6 43. Kh3 Qe6 44. Nc7 Qe7 45. Nd5 Qe8 46. Kg2 Re4
47. Qd6 Rxc4 48. Ne7+ Kh7 49. a5 Qxh5 50. Qe6 Qe8 51. Qxc4 Qxe7 52. Kf3 Qe5 53.
a6 Kg6 54. Kg2 Qe4+ 55. Qxe4 fxe4 56. Kh3 Kg5 57. Kg2 Kg4 58. Kf1 Kf3 59. Ke1
h5 0-1

[Event "Copa Latinoamericana de Ajedrez 2011"]
[Site "Montevideo URU"]
[Date "2011.11.03"]
[Round "4.97"]
[White "De Leon, Patricia"]
[Black "Tramutolo, Gustavo"]
[Result "1/2-1/2"]
[WhiteElo "1800"]
[BlackElo "1636"]
[PlyCount "68"]
[EventDate "2011.11.01"]
[EventType "swiss"]
[EventRounds "9"]
[EventCountry "URU"]
[Source "lmi"]
[SourceDate "2011.11.01"]

1. d4 Nf6 2. c4 e6 3. Nf3 c6 4. Nc3 d5 5. cxd5 cxd5 6. Bf4 Qa5 7. a3 Bd7 8. e3
Ne4 9. Qc2 Nxc3 10. Qxc3 Qxc3+ 11. bxc3 Nc6 12. Bd3 Rc8 13. Kd2 Na5 14. Rhb1
Ba4 15. Bb5+ Bxb5 16. Rxb5 b6 17. a4 f6 18. Kd3 Be7 19. Nd2 O-O 20. f3 g5 21.
Bg3 h5 22. e4 h4 23. Bf2 Nb7 24. exd5 Nd6 25. Rb3 exd5 26. a5 b5 27. Nb1 a6 28.
Be3 Rfe8 29. Bc1 Nc4 30. Nd2 Bd6 31. h3 Re3+ 32. Kc2 Rce8 33. Nxc4 dxc4 34.
Bxe3 cxb3+ 1/2-1/2

[Event "Copa Latinoamericana de Ajedrez 2011"]
[Site "Montevideo URU"]
[Date "2011.11.03"]
[Round "4.98"]
[White "De San Vicente, Sabrina"]
[Black "Bertucci, Santiago"]
[Result "0-1"]
[WhiteElo "1779"]
[BlackElo "1817"]
[PlyCount "64"]
[EventDate "2011.11.01"]
[EventType "swiss"]
[EventRounds "9"]
[EventCountry "URU"]
[Source "lmi"]
[SourceDate "2011.11.01"]

1. d4 Nf6 2. c4 e6 3. Nc3 Bb4 4. Qc2 d5 5. Bg5 O-O 6. e3 c5 7. dxc5 Nc6 8. Nf3
h6 9. cxd5 exd5 10. Bh4 Re8 11. Be2 g5 12. Bg3 Ne4 13. O-O Bxc3 14. bxc3 Bf5
15. Qb2 Qf6 16. Nd4 Nxc5 17. Qb5 Ne4 18. Qxb7 Nxc3 19. Nxf5 Nxe2+ 20. Kh1 Qxf5
21. Qxc6 Qe6 22. Qb5 Nc3 23. Qb3 Ne4 24. Rfd1 Rad8 25. Kg1 Qf6 26. Rac1 h5 27.
Rc2 h4 28. Bc7 Rd7 29. Ba5 d4 30. Qb2 d3 31. Qxf6 dxc2 32. Re1 Nxf6 0-1